[Event "Prague Open 2022 - B FIDE Open"]
[Site "Olympik hotel, Prague"]
[Date "2022.01.09"]
[Round "4"]
[Board "12"]
[White "Cizek, Jan"]
[Black "Karlsson, Henrik 1974"]
[Result "1-0"]
[WhiteElo "1557"]
[BlackElo "1636"]
[PlyCount "29"]
[EventDate "2022.01.07"]
[EventRounds "9"]
[EventCountry "CZE"]

1. e4 e6 2. d4 d5 3. Nd2 a6 4. Ngf3 c5 5. Bd3 cxd4 6. O-O Bc5 7. exd5 Qxd5 8.
Bc4 Qh5 9. Ne4 Be7 10. Qxd4 Nf6 11. Ng3 Qg4 12. Qc3 Nd5 13. Bxd5 exd5 14. h3
Qg6 15. Qxc8+  1-0

[Event "Prague Open 2022 - B FIDE Open"]
[Site "Olympik hotel, Prague"]
[Date "2022.01.09"]
[Round "4"]
[Board "13"]
[White "Mach, Petr"]
[Black "Trefilik, Jiri"]
[Result "1-0"]
[WhiteElo "1630"]
[BlackElo "1525"]
[PlyCount "59"]
[EventDate "2022.01.07"]
[EventRounds "9"]
[EventCountry "CZE"]

1. e4 e5 2. Nf3 Nc6 3. Bb5 Nge7 4. O-O g6 5. d4 exd4 6. Nxd4 Bg7 7. Be3 O-O 8.
Nc3 d6 9. Qd2 a6 10. Be2 b5 11. Nxc6 Nxc6 12. Bg5 Bxc3 13. bxc3 Qe8 14. Bh6 Bb7
15. f3 Ne5 16. Qd4 Rd8 17. c4 c5 18. Qb2 f6 19. Bxf8 Kxf8 20. cxb5 axb5 21.
Bxb5 Bc6 22. Rab1 Rb8 23. a4 Qe6 24. Qc3 Ba8 25. Qa5 d5 26. Be2 Rc8 27. Ba6 Re8
28. Qxc5+ Kg7 29. Rb6 Qd7 30. Bb5  1-0

[Event "Prague Open 2022 - B FIDE Open"]
[Site "Olympik hotel, Prague"]
[Date "2022.01.09"]
[Round "4"]
[Board "14"]
[White "Oniani, Tamar"]
[Black "Dundalek, Jozef"]
[Result "1-0"]
[WhiteElo "1618"]
[BlackElo "1523"]
[PlyCount "35"]
[EventDate "2022.01.07"]
[EventRounds "9"]
[EventCountry "CZE"]

1. d4 d5 2. c4 e6 3. Nc3 Nf6 4. Bg5 c6 5. e3 Bd6 6. Nf3 O-O 7. Qc2 h6 8. Bh4
Nbd7 9. Be2 Qc7 10. c5 Be7 11. Bg3 Qd8 12. O-O b6 13. b4 bxc5 14. bxc5 Nxc5 15.
dxc5 Bxc5 16. Na4 Bd6 17. Qxc6 Bxg3 18. Qxa8  1-0

[Event "Prague Open 2022 - B FIDE Open"]
[Site "Olympik hotel, Prague"]
[Date "2022.01.10"]
[Round "5"]
[Board "1"]
[White "Svetly, Jiri"]
[Black "Huz, Valerii"]
[Result "1-0"]
[WhiteElo "1800"]
[BlackElo "1376"]
[PlyCount "37"]
[EventDate "2022.01.07"]
[EventRounds "9"]
[EventCountry "CZE"]

1. d4 Nf6 2. c4 e6 3. Nc3 Bb4 4. Qc2 O-O 5. e4 c5 6. dxc5 Qa5 7. Bd2 Nc6 8. Nf3
Qxc5 9. Bd3 d5 10. cxd5 exd5 11. O-O Bg4 12. exd5 Bxf3 13. dxc6 Bxc6 14. a3
Bxc3 15. Bxc3 Qd5 16. f3 Qc5+ 17. Kh1 Nd5 18. Bxh7+ Kh8 19. Bxg7+  1-0

[Event "Prague Open 2022 - B FIDE Open"]
[Site "Olympik hotel, Prague"]
[Date "2022.01.10"]
[Round "5"]
[Board "3"]
[White "Janousek, Roman"]
[Black "Konvalinka, Vladislav"]
[Result "1/2-1/2"]
[WhiteElo "1817"]
[BlackElo "1796"]
[PlyCount "61"]
[EventDate "2022.01.07"]
[EventRounds "9"]
[EventCountry "CZE"]

1. d4 d5 2. c4 c6 3. Nf3 Nf6 4. Nc3 dxc4 5. a4 Bf5 6. Ne5 Na6 7. e3 e6 8. Bxc4
Nb4 9. O-O Bd6 10. Bd2 O-O 11. g4 Bc2 12. Qe2 Bxe5 13. dxe5 Nfd5 14. Rfc1 Bg6
15. Nxd5 Nxd5 16. a5 Ne7 17. Bb4 Re8 18. Rd1 Qc8 19. Bd6 Be4 20. Rd4 Bd5 21.
Bd3 c5 22. Rc1 Qd8 23. Rxc5 b6 24. Bc7 bxc5 25. Bxd8 cxd4 26. Bxe7 Rxe7 27. e4
Bb3 28. Qd2 h6 29. h4 Rc8 30. Ba6 Rd8 31. Bd3  1/2-1/2

[Event "Prague Open 2022 - B FIDE Open"]
[Site "Olympik hotel, Prague"]
[Date "2022.01.10"]
[Round "5"]
[Board "4"]
[White "Svacina, Tobias"]
[Black "Barbier, Astrid"]
[Result "0-1"]
[WhiteElo "1695"]
[BlackElo "1910"]
[PlyCount "62"]
[EventDate "2022.01.07"]
[EventRounds "9"]
[EventCountry "CZE"]

1. e4 c5 2. Nf3 Nc6 3. d4 cxd4 4. Nxd4 g6 5. Nc3 Bg7 6. Be3 Nf6 7. Bc4 O-O 8.
Bb3 Re8 9. O-O d6 10. h3 Na5 11. f3 a6 12. Bf2 b5 13. Nd5 Nxb3 14. Nxb3 Nxd5
15. Qxd5 Be6 16. Qd2 Bxb2 17. Rad1 Bf6 18. Bd4 Bxd4+ 19. Nxd4 Bxa2 20. f4 Qb6
21. f5 Kg7 22. Kh1 f6 23. Rf3 g5 24. Rg3 h6 25. Nf3 Rh8 26. Qd4 Qxd4 27. Nxd4
Rac8 28. Ra1 Bf7 29. Raa3 Rc4 30. c3 b4 31. Rxa6 bxc3  0-1

[Event "Prague Open 2022 - B FIDE Open"]
[Site "Olympik hotel, Prague"]
[Date "2022.01.10"]
[Round "5"]
[Board "5"]
[White "Oniani, Tamar"]
[Black "Karlsson, Peter 1965"]
[Result "1-0"]
[WhiteElo "1618"]
[BlackElo "1726"]
[PlyCount "43"]
[EventDate "2022.01.07"]
[EventRounds "9"]
[EventCountry "CZE"]

1. d4 Nf6 2. c4 c5 3. d5 b5 4. cxb5 a6 5. b6 Qxb6 6. Nc3 g6 7. e4 d6 8. Bd3 Bg7
9. Nge2 Bg4 10. Rb1 Bxe2 11. Qxe2 O-O 12. O-O Nbd7 13. Kh1 Rfc8 14. f4 Ne8 15.
Bd2 Nc7 16. Na4 Qa7 17. b4 Bd4 18. bxc5 dxc5 19. Bc4 Nb5 20. e5 Nb6 21. Nxb6
Qxb6 22. a4  1-0

[Event "Prague Open 2022 - B FIDE Open"]
[Site "Olympik hotel, Prague"]
[Date "2022.01.10"]
[Round "5"]
[Board "7"]
[White "Sedlacek, Pavel"]
[Black "Halousek, Jaroslav"]
[Result "1/2-1/2"]
[WhiteElo "1564"]
[BlackElo "1649"]
[PlyCount "52"]
[EventDate "2022.01.07"]
[EventRounds "9"]
[EventCountry "CZE"]

1. e4 c5 2. Nf3 g6 3. c3 Nc6 4. d4 cxd4 5. cxd4 Bg7 6. Be3 d5 7. exd5 Qxd5 8.
Nc3 Qa5 9. Bc4 Nh6 10. Qb3 Qb4 11. d5 Qxb3 12. Bxb3 Nb4 13. O-O O-O 14. Rad1
Nf5 15. Bc5 Na6 16. Ba3 Nd6 17. Rfe1 Bf6 18. Ba4 Rd8 19. Ne4 Nxe4 20. Rxe4 Bd7
21. Bb3 Re8 22. Rde1 Rac8 23. Ne5 Nc5 24. Bxc5 Bxe5 25. Rxe5 Rxc5 26. h3 Kf8
 1/2-1/2

[Event "Prague Open 2022 - B FIDE Open"]
[Site "Olympik hotel, Prague"]
[Date "2022.01.10"]
[Round "5"]
[Board "9"]
[White "Sajtlava, Igor"]
[Black "Cizek, Jan"]
[Result "1/2-1/2"]
[WhiteElo "1624"]
[BlackElo "1557"]
[PlyCount "34"]
[EventDate "2022.01.07"]
[EventRounds "9"]
[EventCountry "CZE"]

1. d4 Nf6 2. c4 e5 3. dxe5 Ng4 4. Nf3 Bc5 5. e3 Nc6 6. Be2 Ncxe5 7. Nbd2 O-O 8.
Nxe5 Nxe5 9. O-O Re8 10. Nf3 Qe7 11. Bd2 d6 12. Bc3 Bf5 13. Re1 a5 14. a3 a4
15. Bd4 Be4 16. Nxe5 dxe5 17. Bxc5 Qxc5  1/2-1/2

[Event "Prague Open 2022 - B FIDE Open"]
[Site "Olympik hotel, Prague"]
[Date "2022.01.10"]
[Round "5"]
[Board "14"]
[White "Werner, Roman"]
[Black "Loucky, Tomas"]
[Result "1-0"]
[WhiteElo "1578"]
[BlackElo "1376"]
[PlyCount "73"]
[EventDate "2022.01.07"]
[EventRounds "9"]
[EventCountry "CZE"]

1. e4 c5 2. Nf3 Nc6 3. d4 cxd4 4. Nxd4 Nf6 5. Nc3 e5 6. Ndb5 d6 7. Bg5 a6 8.
Na3 b5 9. Bxf6 gxf6 10. Nd5 f5 11. Bd3 Be6 12. c3 Bg7 13. Nc2 f4 14. a4 bxa4
15. Rxa4 Bxd5 16. exd5 Nb8 17. Nb4 a5 18. Bb5+ Ke7 19. Qe2 Qb6 20. Nc6+ Nxc6
21. Bxc6 Ra7 22. O-O Bf6 23. Rxf4 Rb8 24. Rb1 Qb3 25. Ra4 Qxc3 26. g3 Qb3 27.
Qe4 h6 28. Ra3 Qb4 29. Qf5 Qd4 30. Rf3 e4 31. Re1 Qxb2 32. Rxe4+ Kf8 33. Qxf6
Qb1+ 34. Kg2 Qxe4 35. Qh8+ Ke7 36. Qxb8 Qd4 37. Qe8#  1-0

[Event "Prague Open 2022 - B FIDE Open"]
[Site "Olympik hotel, Prague"]
[Date "2022.01.10"]
[Round "5"]
[Board "18"]
[White "Dubnicka, Ferdinand"]
[Black "Hradil, Karel"]
[Result "1/2-1/2"]
[WhiteElo "1455"]
[BlackElo "1763"]
[PlyCount "20"]
[EventDate "2022.01.07"]
[EventRounds "9"]
[EventCountry "CZE"]

1. e4 e6 2. d4 d5 3. exd5 exd5 4. Nc3 Nf6 5. Bg5 Be7 6. h3 Bf5 7. Nf3 O-O 8.
Be2 Nbd7 9. O-O c6 10. Re1 Re8  1/2-1/2

[Event "Prague Open 2022 - B FIDE Open"]
[Site "Olympik hotel, Prague"]
[Date "2022.01.10"]
[Round "5"]
[Board "21"]
[White "Karlsson, Henrik 1974"]
[Black "Kral, Jiri"]
[Result "1-0"]
[WhiteElo "1636"]
[BlackElo "1498"]
[PlyCount "37"]
[EventDate "2022.01.07"]
[EventRounds "9"]
[EventCountry "CZE"]

1. e4 e5 2. Nf3 Nc6 3. d4 exd4 4. Nxd4 Qh4 5. Nc3 Bb4 6. Be3 Bxc3+ 7. bxc3 Qxe4
8. Be2 Nxd4 9. cxd4 Qxg2 10. Bf3 Qg6 11. Kd2 h5 12. Rg1 Qh7 13. Bf4 Kd8 14. Qe2
Qf5 15. Qe3 Nf6 16. Rg5 Re8 17. Qxe8+ Nxe8 18. Rxf5 d6 19. Rxf7  1-0

[Event "Prague Open 2022 - B FIDE Open"]
[Site "Olympik hotel, Prague"]
[Date "2022.01.11"]
[Round "6"]
[Board "1"]
[White "Jaeger, Andre"]
[Black "Svetly, Jiri"]
[Result "1/2-1/2"]
[WhiteElo "1889"]
[BlackElo "1800"]
[PlyCount "64"]
[EventDate "2022.01.07"]
[EventRounds "9"]
[EventCountry "CZE"]

1. d4 Nf6 2. c4 g6 3. g3 Bg7 4. Bg2 c6 5. e4 d6 6. Nc3 O-O 7. Nf3 e5 8. O-O Qc7
9. h3 exd4 10. Nxd4 a5 11. Be3 Nbd7 12. Rc1 Re8 13. Qc2 Nc5 14. b3 Bd7 15. Rfd1
Rad8 16. a3 Ne6 17. Nde2 h6 18. b4 axb4 19. axb4 b6 20. Qd2 Kh7 21. Qxd6 Qxd6
22. Rxd6 Bf8 23. Rdd1 Bxb4 24. Bxb6 Rb8 25. Be3 Ng5 26. h4 Nh3+ 27. Kh2 Ng4+
28. Kxh3 Nxf2+ 29. Kh2 Nxd1 30. Rxd1 Bg4 31. Rf1 f5 32. Bf3 Bxf3  1/2-1/2

[Event "Prague Open 2022 - B FIDE Open"]
[Site "Olympik hotel, Prague"]
[Date "2022.01.11"]
[Round "6"]
[Board "2"]
[White "Barbier, Astrid"]
[Black "Oniani, Tamar"]
[Result "0-1"]
[WhiteElo "1910"]
[BlackElo "1618"]
[PlyCount "162"]
[EventDate "2022.01.07"]
[EventRounds "9"]
[EventCountry "CZE"]

1. e4 e6 2. d4 d5 3. exd5 exd5 4. Bd3 Nf6 5. h3 Bd6 6. Qf3 Qe7+ 7. Ne2 Nc6 8.
c3 Bd7 9. O-O O-O-O 10. Bf4 Bxf4 11. Nxf4 g5 12. Nxd5 Nxd5 13. Qxd5 Bxh3 14.
Bf5+ Kb8 15. Qf3 Bxf5 16. Qxf5 g4 17. Nd2 Qh4 18. Ne4 Rxd4 19. Qg5 Qxg5 20.
Nxg5 Rd2 21. Nxf7 Rf8 22. Nh6 Ne5 23. Rae1 Nd3 24. Re3 Nxb2 25. Nxg4 a5 26. Re7
h5 27. Ne5 Rf5 28. a3 Nd3 29. Nf3 Ra2 30. Re8+ Ka7 31. Rd8 Nf4 32. Kh2 Ne2 33.
c4 Rxa3 34. Re8 Nc3 35. Re3 Rc5 36. Nd2 b5 37. cxb5 Nxb5 38. Re7 Nd6 39. f4 a4
40. Ne4 Nxe4 41. Rxe4 Rc2 42. Rb1 Raa2 43. Re5 Rxg2+ 44. Kh3 Rg6 45. f5 Rb6 46.
Rc1 Kb7 47. Rec5 Rf6 48. Kh4 Rg2 49. Rxc7+ Kb6 50. Rc8 Rxf5 51. Rb1+ Ka7 52.
Rc7+ Ka6 53. Rc6+ Ka5 54. Rc8 Rg4+ 55. Kh3 Rf3+ 56. Kh2 Rb3 57. Ra1 Rgb4 58.
Ra8+ Kb5 59. Rb8+ Kc6 60. Ra8 Rh4+ 61. Kg2 Rbb4 62. Kg3 Rhg4+ 63. Kh3 h4 64.
Ra5 Kb6 65. Rh5 Rg3+ 66. Kh2 Rb2+ 67. Kh1 Rh3+ 68. Kg1 a3 69. Rf1 Rb5 70. Rh8
Rg5+ 71. Kf2 Rf5+ 72. Ke2 Rxf1 73. Kxf1 a2 74. Kg2 Rg3+ 75. Kh2 a1=Q 76. Rb8+
Kc5 77. Rc8+ Kb4 78. Rb8+ Kc3 79. Rc8+ Kb2 80. Rc2+ Kb3 81. Rc1 Qb2+  0-1

[Event "Prague Open 2022 - B FIDE Open"]
[Site "Olympik hotel, Prague"]
[Date "2022.01.11"]
[Round "6"]
[Board "3"]
[White "Mazatis, Benjamin"]
[Black "Janousek, Roman"]
[Result "1/2-1/2"]
[WhiteElo "1546"]
[BlackElo "1817"]
[PlyCount "78"]
[EventDate "2022.01.07"]
[EventRounds "9"]
[EventCountry "CZE"]

1. d4 Nf6 2. c4 e6 3. Nf3 d5 4. Nc3 c6 5. e3 Nbd7 6. Be2 dxc4 7. a4 Bd6 8. e4
e5 9. Bxc4 Qe7 10. O-O O-O 11. Re1 exd4 12. Nxd4 Ne5 13. Ba2 Rd8 14. f4 Bc5 15.
Be3 Neg4 16. e5 Ne8 17. e6 Nef6 18. exf7+ Kf8 19. Bf2 Qd6 20. Ne6+ Bxe6 21.
Qxd6+ Bxd6 22. Bxe6 Nxf2 23. Kxf2 Bxf4 24. g3 Bd2 25. Re2 Bxc3 26. bxc3 Nd5 27.
Rc1 Nc7 28. Rce1 Rd6 29. Bc4 Rad8 30. Re4 b5 31. Bb3 Rd2+ 32. Kg1 Rb2 33. Re7
Rxb3 34. Rxc7 bxa4 35. Rce7 Rbb8 36. Rxa7 Ra8 37. Re8+ Rxe8 38. fxe8=Q+ Rxe8
39. Rxa4 Re6  1/2-1/2

[Event "Prague Open 2022 - B FIDE Open"]
[Site "Olympik hotel, Prague"]
[Date "2022.01.11"]
[Round "6"]
[Board "4"]
[White "Huz, Valerii"]
[Black "Konvalinka, Vladislav"]
[Result "1-0"]
[WhiteElo "1376"]
[BlackElo "1796"]
[PlyCount "57"]
[EventDate "2022.01.07"]
[EventRounds "9"]
[EventCountry "CZE"]

1. e4 Nf6 2. e5 Nd5 3. c4 Nb6 4. d4 d6 5. exd6 exd6 6. Nc3 Be7 7. Bd3 O-O 8.
Nge2 Bg4 9. f3 Bh5 10. Nf4 Bg6 11. Nxg6 hxg6 12. O-O Nc6 13. Be2 d5 14. c5 Nc8
15. Be3 Bf6 16. Qd2 N8e7 17. g4 Nc8 18. g5 Be7 19. f4 f5 20. Bf3 Kf7 21. Bxd5+
Ke8 22. Be6 b6 23. Qg2 Nxd4 24. Rad1 Bxc5 25. Rxd4 Bxd4 26. Qc6+ Ke7 27. Nd5+
Qxd5 28. Bxd5 Bxe3+ 29. Kg2  1-0

[Event "Prague Open 2022 - B FIDE Open"]
[Site "Olympik hotel, Prague"]
[Date "2022.01.11"]
[Round "6"]
[Board "5"]
[White "Tomasek, Ladislav"]
[Black "Werner, Roman"]
[Result "1/2-1/2"]
[WhiteElo "1800"]
[BlackElo "1578"]
[PlyCount "28"]
[EventDate "2022.01.07"]
[EventRounds "9"]
[EventCountry "CZE"]

1. e4 c5 2. Nf3 Nc6 3. d4 cxd4 4. Nxd4 Nf6 5. Nc3 e5 6. Ndb5 d6 7. Bg5 a6 8.
Na3 b5 9. Bxf6 gxf6 10. Nd5 f5 11. Bd3 Be6 12. c3 Bg7 13. Nc2 O-O 14. f3 Qg5
 1/2-1/2

[Event "Prague Open 2022 - B FIDE Open"]
[Site "Olympik hotel, Prague"]
[Date "2022.01.11"]
[Round "6"]
[Board "6"]
[White "Boulos, Boulos"]
[Black "Sosovickova, Martina"]
[Result "0-1"]
[WhiteElo "1575"]
[BlackElo "1702"]
[PlyCount "82"]
[EventDate "2022.01.07"]
[EventRounds "9"]
[EventCountry "CZE"]

1. e4 c5 2. Nf3 e6 3. d4 cxd4 4. Nxd4 Bc5 5. Be3 Qb6 6. Nc3 Nc6 7. Ndb5 Bxe3 8.
fxe3 Qxe3+ 9. Be2 Kf8 10. Nc7 Rb8 11. Qd6+ Nge7 12. Rd1 f6 13. Rd3 Qg5 14. e5
Qxe5 15. O-O Qxd6 16. Rxd6 Nf5 17. Rd3 Ne5 18. Nxe6+ Ke7 19. Nc7 Nxd3 20. Bxd3
Nd4 21. N3d5+ Kd8 22. c3 Nc6 23. Re1 Ne5 24. Be4 a6 25. c4 d6 26. a4 Bd7 27. a5
Rc8 28. b4 Rxc7 29. Nxc7 Kxc7 30. Rc1 Bc6 31. Bf5 g6 32. Bb1 Kd7 33. Kf2 Rc8
34. Ke3 Bxg2 35. Be4 Bxe4 36. Kxe4 Rxc4+ 37. Rxc4 Nxc4 38. Kd4 Ne5 39. Kc3 f5
40. b5 axb5 41. Kb4 Kc6  0-1

[Event "Prague Open 2022 - B FIDE Open"]
[Site "Olympik hotel, Prague"]
[Date "2022.01.11"]
[Round "6"]
[Board "7"]
[White "Cizek, Jan"]
[Black "Svacina, Tobias"]
[Result "0-1"]
[WhiteElo "1557"]
[BlackElo "1695"]
[PlyCount "38"]
[EventDate "2022.01.07"]
[EventRounds "9"]
[EventCountry "CZE"]

1. e4 e5 2. Nf3 Nc6 3. Bc4 Nf6 4. Ng5 d5 5. exd5 Na5 6. Bb5+ c6 7. dxc6 bxc6 8.
Bd3 Nd5 9. Nf3 Bd6 10. Nc3 O-O 11. Be4 Nf4 12. Rg1 f5 13. Bxc6 Nxc6 14. d3 Ne6
15. b3 Bb4 16. Bb2 e4 17. dxe4 Qa5 18. Qd2 Rd8 19. Qe3 f4  0-1

[Event "Prague Open 2022 - B FIDE Open"]
[Site "Olympik hotel, Prague"]
[Date "2022.01.11"]
[Round "6"]
[Board "8"]
[White "Halousek, Jaroslav"]
[Black "Hountondji, William"]
[Result "1/2-1/2"]
[WhiteElo "1649"]
[BlackElo "1533"]
[PlyCount "87"]
[EventDate "2022.01.07"]
[EventRounds "9"]
[EventCountry "CZE"]

1. c4 Nf6 2. d4 g6 3. Nc3 d5 4. Bf4 Bg7 5. e3 O-O 6. Nf3 c5 7. Qb3 cxd4 8. Nxd4
Nc6 9. Nxc6 bxc6 10. Be2 Ba6 11. O-O Qb6 12. Qxb6 axb6 13. Bc7 dxc4 14. Bxb6
Rab8 15. Bd4 Rxb2 16. Bf3 Rfb8 17. Bxc6 Ne8 18. Bxg7 Kxg7 19. Rab1 Nd6 20. a4
f5 21. f3 R8b3 22. Rxb2 Rxb2 23. Rb1 Rc2 24. Nb5 c3 25. Rb3 Rc1+ 26. Kf2 c2 27.
Rc3 Kf6 28. Ke2 Rg1 29. Rxc2 Rxg2+ 30. Kd3 Rg1 31. Kc3 Re1 32. Kd4 Rd1+ 33. Kc5
Rd3 34. Kb6 Bxb5 35. Bxb5 Rxe3 36. Bc6 Rb3+ 37. Kc7 Ra3 38. Kb6 Rb3+ 39. Kc7
Ra3 40. Rc5 g5 41. a5 g4 42. fxg4 f4 43. h4 f3 44. Rc2  1/2-1/2

[Event "Prague Open 2022 - B FIDE Open"]
[Site "Olympik hotel, Prague"]
[Date "2022.01.11"]
[Round "6"]
[Board "9"]
[White "Kroulik, Vaclav"]
[Black "Sajtlava, Igor"]
[Result "1/2-1/2"]
[WhiteElo "1473"]
[BlackElo "1624"]
[PlyCount "56"]
[EventDate "2022.01.07"]
[EventRounds "9"]
[EventCountry "CZE"]

1. e4 c5 2. Nf3 d6 3. d4 cxd4 4. Nxd4 Nf6 5. Nc3 a6 6. Be3 e6 7. f3 Be7 8. Qd2
Qc7 9. O-O-O b5 10. a3 Nbd7 11. g4 Ne5 12. h4 Bd7 13. h5 h6 14. Be2 Nc4 15.
Bxc4 Qxc4 16. Rdg1 O-O-O 17. Nce2 Kb7 18. Nb3 Qc7 19. Qd4 Ka8 20. Kb1 e5 21.
Qd2 Be6 22. Nc3 d5 23. exd5 Nxd5 24. Nxd5 Rxd5 25. Qe2 Qc4 26. Qf2 b4 27. axb4
Bxb4 28. Qf1 Qxf1+  1/2-1/2

[Event "Prague Open 2022 - B FIDE Open"]
[Site "Olympik hotel, Prague"]
[Date "2022.01.11"]
[Round "6"]
[Board "10"]
[White "Siles, Jan"]
[Black "Sedlacek, Pavel"]
[Result "0-1"]
[WhiteElo "1607"]
[BlackElo "1564"]
[PlyCount "46"]
[EventDate "2022.01.07"]
[EventRounds "9"]
[EventCountry "CZE"]

1. e4 c6 2. d4 d5 3. f3 e6 4. Nc3 Bb4 5. Be3 dxe4 6. fxe4 Qh4+ 7. Kd2 Qxe4 8.
Bd3 Qxg2+ 9. Nge2 Bxc3+ 10. bxc3 Qd5 11. Rg1 g6 12. Nf4 Qd6 13. Qf3 Nd7 14.
Raf1 Ngf6 15. Nh3 e5 16. Bg5 exd4 17. cxd4 O-O 18. Nf4 Qxd4 19. Bh6 Ne5 20.
Nxg6 Nxf3+ 21. Rxf3 hxg6 22. Rgf1 Ne4+ 23. Ke2 Re8  0-1

[Event "Prague Open 2022 - B FIDE Open"]
[Site "Olympik hotel, Prague"]
[Date "2022.01.12"]
[Round "7"]
[Board "1"]
[White "Svetly, Jiri"]
[Black "Oniani, Tamar"]
[Result "1/2-1/2"]
[WhiteElo "1800"]
[BlackElo "1618"]
[PlyCount "124"]
[EventDate "2022.01.07"]
[EventRounds "9"]
[EventCountry "CZE"]

{[%evp 0,18,19,31,14,-14,-11,-3,33,-19,0,-1,3,41,57,56,73,50,55,53,95]} 1. d4
Nf6 2. c4 e6 3. Nc3 Bb4 4. Qc2 c5 5. dxc5 Qa5 6. Bd2 Qxc5 7. e3 d5 8. a3 Bxc3
9. Bxc3 a5 10. Rc1 Nbd7 11. Nf3 O-O 12. b4 Qc7 13. c5 e5 14. Be2 Ne4 15. O-O
Nxc3 16. Qxc3 e4 17. Nd4 Ne5 18. f4 exf3 19. Nxf3 Ng4 20. h3 Nf6 21. Ng5 Qg3
22. h4 Qxh4 23. Rxf6 Qxg5 24. Rf3 axb4 25. Qxb4 Bg4 26. Rg3 h5 27. Bxg4 hxg4
28. Rc3 Qe5 29. Rxg4 Ra4 30. Qxa4 Qxc3 31. Qd4 Qxd4 32. Rxd4 Ra8 33. Rxd5 Rxa3
34. Rd8+ Kh7 35. Kf2 Ra5 36. Rd7 Kg6 37. Rxb7 Rxc5 38. e4 f6 39. Kf3 Kh6 40.
Rf7 Kg6 41. Rf8 Kg5 42. Rf7 Rc3+ 43. Kf2 g6 44. Rf8 Rc6 45. Kf3 Kh6 46. Kf4 g5+
47. Kf5 Kg7 48. Rd8 Rc5+ 49. Rd5 Rc7 50. e5 fxe5 51. Rxe5 Rf7+ 52. Kxg5 Rf2 53.
g3 Rf3 54. Kg4 Rf7 55. Re6 Ra7 56. Kh5 Ra5+ 57. Kh4 Ra4+ 58. g4 Ra7 59. Kh5
Ra5+ 60. g5 Ra7 61. Rg6+ Kh7 62. Rb6 Kg7  1/2-1/2

[Event "Prague Open 2022 - B FIDE Open"]
[Site "Olympik hotel, Prague"]
[Date "2022.01.12"]
[Round "7"]
[Board "2"]
[White "Huz, Valerii"]
[Black "Jaeger, Andre"]
[Result "1-0"]
[WhiteElo "1376"]
[BlackElo "1889"]
[PlyCount "85"]
[EventDate "2022.01.07"]
[EventRounds "9"]
[EventCountry "CZE"]

1. e4 c5 2. Nf3 a6 3. Nc3 e6 4. d4 cxd4 5. Nxd4 Qc7 6. Qg4 b5 7. Qg3 Qxg3 8.
hxg3 Bb7 9. f3 Nc6 10. Nxc6 Bxc6 11. Bd3 Bc5 12. Bf4 b4 13. Ne2 d5 14. e5 g6
15. g4 h5 16. gxh5 Rxh5 17. Rxh5 gxh5 18. Kd2 Be7 19. Nd4 Kd7 20. g3 f6 21. Re1
fxe5 22. Rxe5 Bf6 23. Nxc6 Kxc6 24. Rxe6+ Kb7 25. b3 Bc3+ 26. Ke2 Nf6 27. Bg5
Nd7 28. f4 Nc5 29. Re7+ Kc6 30. Bg6 Rh8 31. f5 Ne4 32. Bh4 Bd4 33. f6 Bc5 34.
Be8+ Kb6 35. Re6+ Kb7 36. f7 Bd6 37. Kf3 Nd2+ 38. Kg2 Ne4 39. Be7 Bxe7 40.
Rxe7+ Kb6 41. Re6+ Kc5 42. Rc6+ Kd4 43. Rg6  1-0

[Event "Prague Open 2022 - B FIDE Open"]
[Site "Olympik hotel, Prague"]
[Date "2022.01.12"]
[Round "7"]
[Board "3"]
[White "Akerman, Jan"]
[Black "Janousek, Roman"]
[Result "0-1"]
[WhiteElo "1527"]
[BlackElo "1817"]
[PlyCount "84"]
[EventDate "2022.01.07"]
[EventRounds "9"]
[EventCountry "CZE"]

1. e4 c5 2. c4 Nc6 3. Nc3 g6 4. g3 Bg7 5. Bg2 d6 6. d3 h5 7. h3 Nd4 8. Nge2 e6
9. Be3 Ne7 10. Qd2 Qa5 11. Bxd4 cxd4 12. Nb5 Qb6 13. Qb4 Kd7 14. Qb3 Nc6 15.
Na3 Qa5+ 16. Kf1 Qb4 17. Qc2 e5 18. Nb1 a5 19. a3 Qc5 20. Nd2 a4 21. h4 Ke7 22.
f4 Bg4 23. Kf2 f6 24. Bf3 Be6 25. Rhb1 Rhc8 26. b4 axb3 27. Qxb3 Na5 28. Qb6
Qxb6 29. Rxb6 Rc6 30. Rb4 Kd7 31. Nc1 Bh6 32. Ne2 Kc7 33. Nb3 Rb6 34. Nxa5 Rxa5
35. Rab1 Rxb4 36. axb4 Ra3 37. Rd1 b5 38. cxb5 Bd7 39. Ke1 Bxb5 40. Nc1 exf4
41. gxf4 Bxf4 42. Ke2 Rc3  0-1

[Event "Prague Open 2022 - B FIDE Open"]
[Site "Olympik hotel, Prague"]
[Date "2022.01.12"]
[Round "7"]
[Board "4"]
[White "Sosovickova, Martina"]
[Black "Mazatis, Benjamin"]
[Result "1/2-1/2"]
[WhiteElo "1702"]
[BlackElo "1546"]
[PlyCount "47"]
[EventDate "2022.01.07"]
[EventRounds "9"]
[EventCountry "CZE"]

1. e4 c6 2. d4 d5 3. e5 c5 4. dxc5 e6 5. Be3 Nd7 6. Nf3 Bxc5 7. Bxc5 Nxc5 8. c4
Ne7 9. Nc3 O-O 10. cxd5 Nxd5 11. Nxd5 Qxd5 12. Qxd5 exd5 13. Be2 Be6 14. O-O
Rac8 15. Rac1 Na4 16. Nd4 a6 17. Nxe6 fxe6 18. Bg4 Kf7 19. Rb1 Rc7 20. Bd1 Nb6
21. b3 Ke7 22. f4 Rc3 23. Rb2 g6 24. g3  1/2-1/2

[Event "Prague Open 2022 - B FIDE Open"]
[Site "Olympik hotel, Prague"]
[Date "2022.01.12"]
[Round "7"]
[Board "6"]
[White "Sedlacek, Pavel"]
[Black "Tomasek, Ladislav"]
[Result "0-1"]
[WhiteElo "1564"]
[BlackElo "1800"]
[PlyCount "84"]
[EventDate "2022.01.07"]
[EventRounds "9"]
[EventCountry "CZE"]

1. e4 e5 2. Nf3 Nc6 3. Bb5 a6 4. Ba4 Nf6 5. O-O Be7 6. Re1 b5 7. Bb3 d6 8. c3
O-O 9. d4 Bg4 10. Qd3 Re8 11. Nbd2 exd4 12. Ng5 Ne5 13. Qxd4 c5 14. Qe3 c4 15.
Bc2 h6 16. Ngf3 Bf8 17. Nxe5 dxe5 18. b3 Qc7 19. Qg3 Rac8 20. bxc4 bxc4 21. Nf1
Kh8 22. Ne3 Be6 23. h3 Nh5 24. Qh4 Nf4 25. Nf5 Bxf5 26. exf5 Be7 27. Qg3 Bf6
28. Qf3 Rcd8 29. Bxf4 exf4 30. Ba4 Rxe1+ 31. Rxe1 Be5 32. f6 Bxf6 33. Re8+ Rxe8
34. Bxe8 Qe7 35. Qa8 Kh7 36. Bc6 Qe1+ 37. Kh2 Qxf2 38. Be4+ g6 39. Qf8 Qg3+ 40.
Kg1 Qe1+ 41. Kh2 Qxe4 42. Qxf7+ Bg7  0-1

[Event "Prague Open 2022 - B FIDE Open"]
[Site "Olympik hotel, Prague"]
[Date "2022.01.12"]
[Round "7"]
[Board "7"]
[White "Sajtlava, Igor"]
[Black "Barbier, Astrid"]
[Result "0-1"]
[WhiteElo "1624"]
[BlackElo "1910"]
[PlyCount "84"]
[EventDate "2022.01.07"]
[EventRounds "9"]
[EventCountry "CZE"]

1. c4 f5 2. d4 e6 3. g3 Nf6 4. Bg5 Be7 5. Bg2 O-O 6. Nf3 d6 7. O-O Qe8 8. Qc2
a5 9. Nc3 h6 10. Bxf6 Bxf6 11. e3 e5 12. dxe5 dxe5 13. Nd5 Bd8 14. Rfd1 Na6 15.
Qe2 Nc5 16. Ne1 c6 17. Nc3 Bc7 18. Nd3 Ne6 19. f4 e4 20. Ne1 Nc5 21. Nc2 Qf7
22. Bf1 Bb6 23. Qe1 a4 24. Nd4 Re8 25. Rd2 Be6 26. Nxe6 Qxe6 27. Kg2 Re7 28.
Rad1 Ba5 29. Rd6 Qf7 30. Qd2 Bc7 31. Rd4 Bb6 32. Rd6 Rae8 33. Re1 Bc7 34. Rd4
Ne6 35. c5 Nxd4 36. Qxd4 Kh7 37. Qxa4 Rd7 38. Rd1 Rxd1 39. Qxd1 Rd8 40. Qc2 Ba5
41. b4 Bxb4 42. Nxe4 Qd5  0-1